|
|
|
|
| LEADER |
01177nam a2200277 a 4500 |
| 001 |
3825698 |
| 008 |
00119r19871986ctua b 000 0 eng d |
| 010 |
|
|
|a 86034420
|
| 020 |
|
|
|a 0931816440
|
| 020 |
|
|
|a 0931816394 (pbk.)
|
| 040 |
|
|
|a DLC
|c DLC
|d DLC
|d DB-DhAAL
|
| 082 |
0 |
0 |
|a 338.9/0068
|2 19
|
| 245 |
0 |
0 |
|a Beyond bureaucracy :
|b strategic management of social development /
|c editors, John C. Ickis, Edilberto de Jesus, Rushikesh Maru.
|
| 260 |
|
|
|a West Hartford, Conn. :
|b Kumarian Press,
|c c1986.[printing 1987]
|
| 300 |
|
|
|a xii, 256 p. :
|b ill. ;
|c 24 cm.
|
| 490 |
|
0 |
|a Kumarian Press library of management for development
|
| 504 |
|
|
|a Includes bibliographies.
|
| 541 |
1 |
|
|e 00003285
|
| 650 |
|
0 |
|a Economic development projects
|z Developing countries.
|
| 650 |
|
0 |
|a Rural development projects
|z Developing countries.
|
| 700 |
1 |
|
|a Ickis, John C.,
|d 1943-
|
| 700 |
1 |
|
|a De Jesus, Ed. C.
|
| 700 |
1 |
|
|a Maru, Rushikesh M.
|
| 852 |
4 |
|
|a Ayesha Abed Library
|j General Shelf.
|
| 999 |
|
|
|c 7090
|d 7090
|
| 952 |
|
|
|0 0
|1 0
|2 ddc
|4 0
|6 338_900680000000000_BEY_1987
|7 0
|9 7365
|a BRACUL
|b BRACUL
|c GEN
|d 2010-01-21
|g 0.00
|l 0
|o 338.90068 BEY
|p 3010003285
|r 2010-01-21
|t 1
|w 2010-01-21
|y BK
|z Not price in Register
|